1399 1196 1350 1474 1362 1513 1326 1523 1843 1996 1562 1268 1163 1051 1395 1355 1685 1283 1621 1902 1259 1076 1120 1025 1257 1551 1278 1234 1134 1841 1470 1325 1748 1189 1366 1351 1505 1210 1027 1588 1257 1104 1958 1977 1625 1622 1013 1249 1555 1130 1529 1546 1910 1660 1993 1222 1386 1785 1666 1435 1578 1385 1004 1352 1072 1481 1964 1636 1784 1812 1543 1025 1361 1273 1572 1318 1767 1741 1337 1330 1575 1010 1838 1413 1942 1398 1258 1414 1234 1648 1396 1955 1669 1933 1788 1415 1074 1902 1070 BCNSPRNW ULIB Ver.6.0+V

เปลี่ยนเป็นภาษาไทย

Change to English
 แสดงรายละเอียดบรรณานุกรม
  กลับหน้าหลัก

Brief Record : Get Marc (ISO 2709) : E-mail record : QR code < ปิดหน้าต่าง
LEADER : 00000nam 2200000uu 4500
001    13399110452
003     ULIB
008    110531s2551||||th 000 0 tha d
020    9789744140623
050  4 HF5734.5^bม265ท 2551
100 1  มอร์แกน, นิก
245 10 ทักษะการบริหารการประชุม =^bRunning meetings /^cโดย NickMorgan ; แปลและเรียบเรียงโดย วิภาภรณ์ วงศ์ศรีสุชน
246 31 Running meetings
250    พิมพ์ครั้งที่ 1
260    กรุงเทพฯ :^bบริษัท เอ็กซเปอร์เน็ท,^c2551
300    158 หน้า :^bb ภาพประกอบ ;^c24 ซม.
440  0 คู่มือพัฒนาทักษะผู้นำ จากมหาวิทยาลัยฮาร์วาร์ด
650  7 การประชุมทางธุรกิจ
650  7 การประชุมทางธุรกิจ^xการวางแผน
700 0  วิภาภรณ์ วงศ์ศรีสุชน,^eผู้แปล
700 1  Morgan, Nick.^tRunning meetings
945    ^p150^l0^i18201
995    เกษร
999    ^aใช้งานได้ทุกระบบ
รายการนี้ยังไม่มีแท็ก
คุณยังไม่ได้ล็อกอิน คุณสามารถมีกิจกรรมร่วมกับเว็บไซต์ได้ แต่ต้องล็อกอินก่อน ::
  ล็อกอิน

รายการสื่อสารสนเทศ

ลำดับที่ ประเภท เลขเรียก/บาร์โค้ด สถานที่ สถานะ
1. วิทยาศาสตร์การแพทย์ และสุขภาพ
วิทยาศาสตร์การแพทย์ และสุขภาพ
HF5734.5 ม265ท 2551  
  Barcode: 18201
ห้องสมุดวิทยาเขตสวรรค์ประชารักษ์
►นวนิยาย
บนชั้น
  ขอยืม

รายการใกล้เคียง
    ผู้แต่ง [มอร์แกน, นิก]

    หัวเรื่อง [การประชุมทางธุรกิจ]

BibComment


ยังไม่เคยถูกคอมเมนท์

คอมเมนท์ทรัพยากรรายการนี้
  คอมเมนท์: ทักษะการบริหารการ..


 Copyright 2026. Bcnsprnw @Library